000 00632nam a2200241Ia 4500
003 OSt
005 20221007101457.0
006 a|||||r|||| 00| 0
007 ta
008 221006b |||||||| |||| 00| 0 eng d
024 _a6,527
037 _cTextual
040 _aLCO
_cLCO
_beng
041 _2eng
_aeng
082 _aV73:2, K4
100 _aMANNING BAYLESS
_9692660
245 0 _aFederal Conflict of Interest Law.
260 _aCombridge
_bHarvard Univ. Press
_c1964
300 _a285
650 _aINTEREST LAW
_9703055
942 _hV73:2, K4
_cTEXL
999 _c1176090
_d1176090